00813 2200301 4500001002100000005001500021035002000036007000300056008004100059040001700100100001300117245007500130300003700205020001800242041000800260082001000268084001600278090002300294260004000317850001000357700002800367700001400395600003700409600001600446600001800462250001400480990001700494INLIS00000000000373520260528092648 a0010-0721000090ta260528 0  aSBPUPADbind0 aNursalam1 aAsuhan Keperawatan Bayi dan Anak (untuk Perawat dan Bidan) /cNursalam a212 hlm. :billus. ;c21 x 26 cm a979-3027-37-107aInd a610.7 a610.7 NUR a a616.07 SUB i T15-4 a--Jakarta :bSalemba Medika,c2008. aPUPAD0 aRekawaati Susilaningrum0 aSri Utami 4aAsuhan Keperawatan Bayi dan Anak 4akeperawatan 4abayi dan anak a--Cet. 2. a12557/H/2010